| 000 | 00645nmm a2200205Ia 4500 | ||
|---|---|---|---|
| 008 | 251105s9999||||xx |||||||||||||||||und|| | ||
| 020 | _a9788497884228 | ||
| 041 | _aspa | ||
| 100 | _aAsensio Brouard, Mikel | ||
| 245 | 0 |
_aLazos de Luz Azul : _b Museos y Tecnologías 1, 2 y 3.0 |
|
| 264 |
_a[Madrid, España] : _bUniversitat Oberta de Catalunya, _c2011 |
||
| 300 | _a368 páginas | ||
| 650 | _aArts in general | ||
| 700 | _aAsensio Brouard, Mikel | ||
| 700 | 1 | _a Asenjo Vergara, Elena | |
| 700 | 1 | _a Asensio Brouard, Mikel | |
| 700 | 1 | _a Asenjo Vergara, Elena | |
| 856 | _uhttps://public.digitaliapublishing.com/a/20369 | ||
| 942 | _cCF | ||
| 999 |
_c62180 _d62180 |
||